000 00965nam a2200313 a 4500
001 24943
003 CO-ViMGA
008 141112s2004 ck r 000 u spa d
020 _a9789588654430
040 _aCO-ViMGA
_bspa
_cCO-ViMGA
041 _aSPA
090 _aC HEI1
100 1 _aHeine, Helme, 1941 -
_937554
245 1 0 _aLos tres amigos /
_ctexto e ilustraciones Helme Heine ; traducido por Ana Garralón
250 _a1a ed., 22a impr.
260 _aBogotá :
_bAnaya,
_c2012
300 _a71 p. : il. col. : il.
490 _aSopa de libros : a partir de 6 años
505 _aEl despertador
650 1 4 _aAMISTAD - CUENTO
_92349
650 1 4 _aANIMALES DE LA GRANJA - CUENTO
_937555
650 1 4 _aAUTORES ALEMANES
_92665
650 1 4 _aCUENTOS ALEMANES
650 1 4 _aDESDE LOS 3 AÑOS
_937556
650 1 4 _aILUSTRADORES ALEMANES
_937557
700 1 _aGarralón, Ana
_928183
700 1 _aHeine, Helme, 1941 -
_937554
942 _2ddc
_cBK
999 _c2570
_d2570